书目信息 |
| 题名: |
广告策划创意
|
|
| 作者: | 卫军英 著 | |
| 分册: | ||
| 出版信息: | 杭州 浙江大学出版社 2006.08 |
|
| 页数: | 348页 | |
| 开本: | 23cm | |
| 丛书名: | 广告学 | |
| 单 册: | ||
| 中图分类: | F713.80 | |
| 科图分类: | ||
| 主题词: | 广告--guang gao--策划--概论 | |
| 电子资源: | ||
| ISBN: | 7-308-02685-X | |
| 000 | 00967nam 2200289 450 | |
| 001 | 012008699658 | |
| 005 | 20080414145159.28 | |
| 010 | @a7-308-02685-X@dCNY32.00 | |
| 100 | @a20080413d2006 em y0chiy0120 ea | |
| 101 | 0 | @achi |
| 102 | @aCN@b330000 | |
| 105 | @aa a 000yy | |
| 106 | @ar | |
| 200 | 1 | @a广告策划创意@Aguang gao ce hua chuang yi@d= Advertising strategy and creation@f卫军英著@Fwei jun ying zhu@zeng |
| 205 | @a第2版 | |
| 210 | @a杭州@c浙江大学出版社@d2006.08 | |
| 215 | @a348页@c图@d23cm | |
| 225 | 2 | @a广告学@Aguang gao xue |
| 320 | @a有书目 (第343-344页) | |
| 330 | @a本书包括创造市场的广告策略、置广告于营销框架中、必要的原则与工作流程、从市场研究入手、决定广告预算等内容。 | |
| 410 | 0 | @12001 @a广告学 |
| 510 | 1 | @aAdvertising strategy and creation@zeng |
| 606 | 0 | @a广告@Aguang gao@x策划@x概论 |
| 690 | @aF713.80@v4 | |
| 701 | 0 | @a卫军英@Awei jun ying@4著 |
| 801 | 0 | @aCN@bQSSK@c20080414 |
| 905 | @b291019@dF713.80@eW551@f1 | |
| 广告策划创意= Advertising strategy and creation/卫军英著.-第2版.-杭州:浙江大学出版社,2006.08 |
| 348页:图;23cm.-(广告学) |
| ISBN 7-308-02685-X:CNY32.00 |
| 本书包括创造市场的广告策略、置广告于营销框架中、必要的原则与工作流程、从市场研究入手、决定广告预算等内容。 |
| ● |
| 相关链接 |
|
|
|
正题名:广告策划创意
索取号:F713.80/W551
 
预约/预借
| 序号 | 登录号 | 条形码 | 馆藏地/架位号 | 状态 | 备注 |
| 1 | 291019 | 202910190 | 社科库409/409社科库 44排6列4层/ [索取号:F713.80/W551] | 在馆 |